ბათუმის შოთა რუსთაველის სახელმწიფო უნივერსიტეტის ბიბლიოთეკა

ტერორიზმი. რა უნდა ვიცოდეთ მის შესახებ? (ბიბ.ჩანაწერი № 34730)

000 -LEADER
fixed length control field 00560nam a2200193Ia 4500
001 - CONTROL NUMBER
control field 517
003 - CONTROL NUMBER IDENTIFIER
control field GE_BSU
008 - FIXED-LENGTH DATA ELEMENTS--GENERAL INFORMATION
fixed length control field 181216s||||||||xx |||||||||||||| ||und||
020 ## - INTERNATIONAL STANDARD BOOK NUMBER
International Standard Book Number 9992893796
040 ## - CATALOGING SOURCE
Transcribing agency GE_BSU
080 ## - UNIVERSAL DECIMAL CLASSIFICATION NUMBER
Universal Decimal Classification number 323.28+343.326+327.84
100 ## - MAIN ENTRY--PERSONAL NAME
Personal name ხუციშვილი,გიორგი
245 ## - TITLE STATEMENT
Title ტერორიზმი. რა უნდა ვიცოდეთ მის შესახებ?
260 ## - PUBLICATION, DISTRIBUTION, ETC.
Place of publication, distribution, etc. თბილისი
260 ## - PUBLICATION, DISTRIBUTION, ETC.
Date of publication, distribution, etc. 2003
653 ## - INDEX TERM--UNCONTROLLED
Uncontrolled term ტერორიზმი.
942 ## - ADDED ENTRY ELEMENTS (KOHA)
Koha item type წიგნი
ეგზემპლარები
Withdrawn status Lost status Damaged status Not for loan Date acquired Barcode Date last seen Price effective from Koha item type Public note
        2018-12-17 898 2018-12-17 2018-12-17 წიგნი დარბაზი